LDR 01089naa#a2200229#i#450# 001 RU\\bibl\121738 005 20260501214948.5 011 ## _a3034-4689 100 ## _a20260424b2026####ek#y0rusy0150####ca 102 ## _aRU 200 1# _aИСПОЛЬЗОВАНИЕ ОСТАТКА ПРОЦЕССА ВИСБРЕКИНГА В КАЧЕСТВЕ КОМПОНЕНТА СЫРЬЯ ДЛЯ ПРОИЗВОДСТВА ОКИСЛЕННЫХ БИТУМОВ _eЖурнальная статья 210 1# _aКазань _cКазанский национальный исследовательский технологический университет _d2026 215 ## _a5 с. 608 ## _aЖурнальная статья _2local 700 #1 _aСадыков _gДанияр Шамилевич 700 #1 _aВагапов _gБ Р 700 #1 _aЕмельянычева _gЕлена Анатольевна 700 #1 _aПустынников _gА. Ю. 700 #1 _aХасанзянова _gЛ. В. 700 #1 _aКукин _gА. С. 700 #1 _aБашкирцева _gНаталья Юрьевна 856 4# _avestniktu.ru _u